| 000 | 00346nam a22001577a 4500 | ||
|---|---|---|---|
| 003 | SGT | ||
| 020 | _a9788120348738 | ||
| 082 | _a658.5752,GUP | ||
| 100 | _aGUPTA,R.C. | ||
| 245 | _aPRODUCT DESIGN & MANUFACTURING | ||
| 250 | _a6TH | ||
| 260 |
_aNEW DELHI _bPHI _c2015 |
||
| 300 | _a606 | ||
| 650 | _aGENERAL MANAGEMENT | ||
| 942 |
_2ddc _cBK _03 |
||
| 999 |
_c18436 _d18436 |
||